| 000 | 00505nam a22000977a 4500 | ||
|---|---|---|---|
| 008 | 160425b xxu||||| |||| 00| 0 eng d | ||
| 100 | _aWowern, Eric | ||
| 245 | _aGreenland : Pakke Porto stamps 1905-1938 | ||
| 260 |
_aVirum, Denmark _bGF Frimaerker _c1975 |
||
| 650 | _aGreenland | 1905-1938 | Parcel Post | 20th Century | Errors and Varieties | Catalogs and Price Lists | Production | Postal Markings | Postal History | Transportation of Mail | Polar Mail | Air Mail | Flights | Covers | Danish Colonies | Denmark | ||
| 999 |
_c1938 _d1938 |
||